Normal view
MARC view
- Customs Valuation
Entry Topical Term
001 - CONTROL NUMBER
- control field: 5999
003 - CONTROL NUMBER IDENTIFIER
- control field: OSt
005 - DATE AND TIME OF LATEST TRANSACTION
- control field: 20170518114231.0
008 - FIXED-LENGTH DATA ELEMENTS
- fixed length control field: 170518|| aca||aabn | a|a d
040 ## - CATALOGING SOURCE
- Original cataloging agency: OSt
- Transcribing agency: OSt
150 ## - HEADING--TOPICAL TERM
- Topical term or geographic name entry element: Customs Valuation
670 ## - SOURCE DATA FOUND
- Source citation: Work cat.: (OSt): Brief Guide To The Customs Valuation Agreement ., 1996

PORTAL AKMAL
E-MEL JKDM
AKMAL2U
G-BAM
u-PUSTAKA